Becoming A Person Of Influence : (Record no. 33441)

MARC details
000 -LEADER
fixed length control field 00511nam a22001817a 4500
005 - DATE AND TIME OF LATEST TRANSACTION
control field 20231005115937.0
008 - FIXED-LENGTH DATA ELEMENTS--GENERAL INFORMATION
fixed length control field 230905b |||||||| |||| 00| 0 eng d
020 ## - INTERNATIONAL STANDARD BOOK NUMBER
ISBN 9788178091046
082 ## - DEWEY DECIMAL CLASSIFICATION NUMBER
Classification number 659.2
Item number MAX
100 ## - MAIN ENTRY--AUTHOR
Author Name Maxwell,John C.
-- Jim,Dornan
245 ## - TITLE STATEMENT
Title Becoming A Person Of Influence :
Remainder of title How to Positively Impact the Lives of Others
260 ## - PUBLICATION, DISTRIBUTION, ETC.
Place of Publication India
Name of publisher, distributor, etc. Manga Publishing co.
Date of publication, distribution, etc. 2001
300 ## - PHYSICAL DESCRIPTION
Pages 214
500 ## - GENERAL NOTE
General note Include Index
650 ## - SUBJECT ADDED ENTRY--TOPICAL TERM
Subject / Department Management
700 ## - ADDED ENTRY--PERSONAL NAME
Personal name John C.Maxwell
952 ## - LOCATION AND ITEM INFORMATION (KOHA)
-- 0
-- 0
Holdings
Lost status Damaged status Permanent Location Current Location Shelving Location Date acquired Full Call Number Accession No./Barcode Date last seen item type
    Superior Information Resource Center (SIRC) Superior University- Main Campus Superior Information Resource Center (SIRC) Superior University- Main Campus Management 09/05/2023 659.2 MAX-B 2001 20338 01/18/2024 BOOK

Powered by Koha